Nationalökonomie und "progressive Gegenwartschrumpfung". Überlegungen zu einer zeitgemässen Sinngebung nationalökonomischer Selbstreflexion.
Postupujúce zmeny našej civilizácie zužujú dimenzie života, ktoré ovládame, čo potom ústi do "progresívneho scvrkávania sa prítomnosti". Ako sa mení náš akčný rádius, naša budúcnosť sa stáva otvorenou a ťažko predvídateľnou. Analýza významu tohoto javu pre ekonomickú teóriu.
Gespeichert in:
| 1. Verfasser: | |
|---|---|
| Format: | Buchkapitel |
| Sprache: | Deutsch |
| Schlagworte: | |
| Tags: |
Keine Tags, Fügen Sie das erste Tag hinzu!
|
MARC
| LEADER | 00000naa a2200000 4500 | ||
|---|---|---|---|
| 001 | r007478 | ||
| 005 | 20221130113029.9 | ||
| 041 | 0 | |a ger | |
| 044 | |a DE | ||
| 245 | 1 | 0 | |a Nationalökonomie und "progressive Gegenwartschrumpfung". |b Überlegungen zu einer zeitgemässen Sinngebung nationalökonomischer Selbstreflexion. |c M. Hüther |
| 520 | |a Postupujúce zmeny našej civilizácie zužujú dimenzie života, ktoré ovládame, čo potom ústi do "progresívneho scvrkávania sa prítomnosti". Ako sa mení náš akčný rádius, naša budúcnosť sa stáva otvorenou a ťažko predvídateľnou. Analýza významu tohoto javu pre ekonomickú teóriu. | ||
| 610 | 2 | 0 | |a teórie ekonomické |
| 610 | 2 | 0 | |a pokrok hospodársky |
| 610 | 2 | 0 | |a veda ekonomická |
| 610 | 2 | 0 | |a vývoj hospodársky |
| 610 | 2 | 0 | |a dejiny hospodárske |
| 100 | 1 | |a Hüther, M. | |